Normal view
MARC view
Entry Personal Name
001 - CONTROL NUMBER
- control field: 246584
003 - CONTROL NUMBER IDENTIFIER
- control field: OSt
005 - DATE AND TIME OF LATEST TRANSACTION
- control field: 20251122091637.0
008 - FIXED-LENGTH DATA ELEMENTS
- fixed length control field: 251122|| aca||aabn | a|a d
040 ## - CATALOGING SOURCE
- Original cataloging agency: OSt
- Transcribing agency: OSt
100 ## - HEADING--PERSONAL NAME
- Personal name: RAGHAVANKA
- Dates associated with a name: ರಾಘವಂಕ
670 ## - SOURCE DATA FOUND
- Source citation: Work cat.: (OSt)141822: RAGHAVANKA ರಾಘವಂಕ, Somanatha charitra sangraha, 1964